000 00683cam a22002413a 4500
001 168
003 PGUSA
005 20140828082944.0
008 941001s1994||||xxu|||||s|||||000 | eng d
040 _aPGUSA
_beng
042 _adc
050 4 _aTR
100 1 _aSnelling, Henry Hunt,
_d1816-1897
245 1 4 _aThe History and Practice of the Art of Photography
_h[electronic resource] /
_cHenry Hunt Snelling
260 _bProject Gutenberg,
_c1994
506 _aPublic domain in the USA.
516 _aElectronic text
653 _aDaguerreotype
653 _aPhotography
830 0 _aProject Gutenberg
_v168
856 4 0 _uhttp://www.gutenberg.org/ebooks/168
942 _cEB
999 _c229539
_d229539